Responses for Show #7046 - Monday, April 13, 2015

Alex Jacob game 2.

Contestants

[<< previous game]

Kathy Callahan, a student, volunteer and happy retiree from Pittsburgh, Pennsylvania

Carlos Capellan, an IT manager from Queens, New York

Alex Jacob, a currency trader from Chicago, Illinois (whose 1-day cash winnings total $23,200)

[next game >>]

Jeopardy! Round responses

COUNTRIES IN 3 WORDS
TRUE OR FALSE
BASKETBALL HALL OF FAMERS
'99
BOTTLES OF BEER
ON THE WALL
    $200 30
Brazil

Alex
    $200 29
fraud

Carlos
    $200 18
Michael Jordan

Alex
    $200 26
the Globe

Alex
    $200 23
Busch

Kathy
    $200 28
a dartboard

Alex
    $400 11
Jamaica

Alex
    $400 21
faithful

Carlos
    $400 17
Phil Jackson

Alex
    $400 25
the Swiss Confederacy

Carlos
    $400 22
Mexico

Kathy
    $400 27
(Carlos: Who is Orozco?)

(Diego) Rivera

AlexCarlos
    $600 2
Myanmar

Alex
    $600 20
verify

Carlos
    $600 16
Charles Barkley

Alex
    $1,000 10
Peter the Great

Carlos
    $600 15
hops

Alex
    $600 5
a sconce

Alex
    $800 1
Algeria

Carlos
    $800 8
genuine

Alex
    $800 7
Chick Hearn

Triple Stumper
    $800 9
Dreyfus

Carlos
    $800 14
Miller High Life

Alex
    $800 4
Dogs Playing Poker

Alex
    $1000 3
(Carlos: What are the Solomon Islands?)

Kiribati

Carlos
Triple Stumper
    $1000 19
gin (or trump)

Carlos
    $1000 12
Dean Smith

Alex
    $1000 13
Bhutan

Alex
    $1000 24
Harp

Alex
    $1000 6
(Alex: What is... uh, stucco?)
(Carlos: What is quicklime?)

plaster

AlexCarlos
Triple Stumper

Scores at the first commercial break (after clue 14):

Alex Carlos Kathy
$5,000 $600 $0

Scores at the end of the Jeopardy! Round:

Alex Carlos Kathy
$8,800 $2,800 $600

Double Jeopardy! Round responses

BROADWAY DEBUTS
BOOK SYNOPSES
INTERNATIONAL LAW
WHICH BODY PART?
HEY, "BRO"!
EASTER ISLAND
(Sarah: One of mankind's most intriguing cultures.)
    $400 1
(Hugh) Jackman

Alex
    $400 29
The Scarlet Letter

Carlos
    $400 28
asylum

Carlos
    $400 16
the liver

Kathy
    $400 19
housebroken

Carlos
    $400 22
Chile

Alex
    $800 11
Julie Andrews

Carlos
    $800 12
Under the Dome

Alex
    $800 5
extradition

Carlos
    $800 17
the knee

Carlos
    $800 20
brochette

Kathy
    $800 23
(Kathy: What are monuments?)

burial chambers

Kathy
Triple Stumper
    $1200 10
Larry David

Triple Stumper
    $1200 13
The Goldfinch

Triple Stumper
    $1200 3
an archipelago

Carlos
    $1200 18
the ear

Alex
    $1200 21
ambrosia

Alex
    $1200 24
hieroglyphics

Kathy
    $1600 9
(Alex Jacob: Who is Menzel?)

(Kristin) Chenoweth

AlexKathy
    $9,200 2
The Firm

Alex
    $4,000 4
(Carlos: What is de jure?)

diplomatic immunity

Carlos
    $1600 26
(Kathy: What is vertebrae?)
...
(Alex Trebek: Less than a minute to deal with the last four clues.)

the eyes

Kathy
Triple Stumper
    $1600 27
(Kathy: What is a tapes--what is [*]?)
(Alex Trebek: [*]. Good correction.)

brocade

Kathy
    $1600 25
(Kathy: What is onyx?)

obsidian

CarlosKathy
    $2000 8
Hair

Carlos
    $2000 7
The Sun Also Rises

Alex
    $2000 6
trafficking

Alex
    $2000 15
(Carlos: What's pituitary?)

thyroid

AlexCarlos
    $2000 14
fibromyalgia

Kathy
    $2000 30
a tern

Carlos

Scores at the end of the Double Jeopardy! Round:

Alex Carlos Kathy
$26,400 $7,200 $4,200
(lock game)

[wagering suggestions for these scores]

Final Jeopardy! Round responses

GEOGRAPHY
(Alex Trebek: [To Kathy] We don't penalize you for, uh, misspellings, and you got B-L-A-C in there, and that's pronounced "black" where I come from, so you are correct.)
KathyWhat are the Caspian sea and the blac
$4,195
CarlosWhat are the Black Sea and the
$1,201
AlexWhat is I love you Jenn! Thanks for everything Mom and Dad Hi Seth
$0
the Caspian Sea & the Black Sea

Final scores:

Alex Carlos Kathy
$26,400 $5,999 $8,395
2-day champion: $49,600 3rd place: $1,000 2nd place: $2,000

Game dynamics:

Coryat scores:

Alex Carlos Kathy
$18,800 $10,800 $4,200
26 R
(including 1 DD),
2 W
18 R
(including 1 DD),
5 W
(including 1 DD)
8 R,
3 W

Combined Coryat: $33,800

[game clues] [game scores] [suggest correction]

Game tape date: Unknown
The J! Archive is created by fans, for fans. Scraping, republication, monetization, and malicious use prohibited; this site may use cookies and collect identifying information. See terms. The Jeopardy! game show and all elements thereof, including but not limited to copyright and trademark thereto, are the property of Jeopardy Productions, Inc. and are protected under law. This website is not affiliated with, sponsored by, or operated by Jeopardy Productions, Inc. Join the discussion at JBoard.tv.